000 00677nam a22001937a 4500
999 _c178653
_d178653
005 20210412102711.0
010 _aB-739761
020 _a9788170821076
_c270.00
035 _aB-739761
037 _bGift
082 _a133.5
100 _aViswanath, MK
245 _aBasics of nakshatra padhathi (Marriage, Profession & Health) /
_cby MK Viswanath
260 _aNew Delhi
_bSagar Publications
270 _a72, Janpath, Ved Mansion
_bNew Delhi
_e110001
300 _axi, 291p.:
_bill.
_c21cm(pbk)
942 _2ddc
_cEN
_h133.5
_mVIS